[Event "CZE-chT2C 0809"]
[Site "Czech Republic"]
[Date "2008.10.12"]
[Round "1.2"]
[White "Chalupa, Ivan"]
[Black "Voracek, Miroslav"]
[Result "1-0"]
[WhiteElo "2170"]
[BlackElo "2227"]
[PlyCount "137"]
[EventDate "2008.10.12"]
[EventType "team-tourn"]
[EventRounds "11"]
[EventCountry "CZE"]
[SourceTitle "EXT 2010"]
[Source "ChessBase"]
[SourceDate "2010.11.25"]
[SourceVersion "1"]
[SourceVersionDate "2010.11.25"]
[SourceQuality "1"]
[WhiteTeam "Vysehrad III"]
[BlackTeam "Ricany"]
[WhiteTeamCountry "CZE"]
[BlackTeamCountry "CZE"]

1. e4 e6 2. d4 d5 3. Nc3 Nf6 4. Bg5 dxe4 5. Nxe4 Be7 6. Bxf6 gxf6 7. Nf3 a6 8. Bd3 f5 9. Ned2 c5 10. dxc5 Qa5 11. 0-0 Qxc5 12. Nb3 Qc7 13. Nbd4 Nd7 14. c3 b6 15. Re1 Nc5 16. Bc4 Ne4 17. Qe2 0-0 18. Bd3 Bb7 19. Nd2 Nxd2 20. Qxd2 Kh8 21. Be2 Rad8 22. Qe3 Rg8 23. Bf3 Bf6 24. Bxb7 Qxb7 25. f3 Rd5 26. Nb3 Bg5 27. Qe2 b5 28. Rad1 Rgd8 29. Rxd5 Rxd5 30. Rd1 Be3+ 31. Kf1 f4 32. Na1 Qd7 33. Rxd5 Qxd5 34. Nc2 Ba7 35. Qe4 Qc5 36. Qd4+ Qxd4 37. cxd4 Kg7 38. Ke2 f5 39. Kd3 Kf6 40. Nb4 a5 41. Nc6 Bb6 42. b3 Kf7 43. a4 bxa4 44. bxa4 Ke8 45. Kc4 Kd7 46. Ne5+ Ke7 47. Nd3 Bc7 48. Kc5 Kd7 49. Ne5+ Ke7 50. Kc6 Bd6 51. Nd3 Bb4 52. Nxf4 Bd2 53. Nd3 Be3 54. d5 exd5 55. Kxd5 Kf6 56. Nb2 Bd2 57. Nc4 Bc3 58. f4 Bb4 59. Kc6 Ke6 60. Kb5 Kd5 61. Nxa5 Bd2 62. g3 Be3 63. Nc4 Ba7 64. a5 h5 65. Nb6+ Ke4 66. Ka6 h4 67. gxh4 Bb8 68. Kb7 Bxf4 69. a6 1-0